Regional (Record no. 78258)

MARC details
000 -LEADER
fixed length control field 00830cab a2200217 4500
001 - CONTROL NUMBER
control field L136367
008 - FIXED-LENGTH DATA ELEMENTS--GENERAL INFORMATION
fixed length control field 070129n2007 000 0 eng u
035 ## - SYSTEM CONTROL NUMBER
System control number (Sirsi) u136367
041 0# - LANGUAGE CODE
Language code of text/sound track or separate title eng
100 1# - MAIN ENTRY--PERSONAL NAME
Personal name McAllister, Sean
245 00 - TITLE STATEMENT
Title Regional
Remainder of title North-east
260 ## - PUBLICATION, DISTRIBUTION, ETC.
Date of publication, distribution, etc. 2007
490 #0 - SERIES STATEMENT
Series statement Property Week
Volume/sequential designation 72(4) 26 January 2007, 97-111(8)
520 ## - SUMMARY, ETC.
Summary, etc. Discusses the development of a commercial, residential and leisure site on the waterfront at Middlehaven, how Peterlee has attracted considerable investment from the private sector for its regeneration and plans to turn the Port of Tyne into a North Sea cruise destination.
590 ## - LOCAL NOTE (RLIN)
Local note KA
651 #4 - SUBJECT ADDED ENTRY--GEOGRAPHIC NAME
Geographic name NORTH EAST ENGLAND
690 ## - LOCAL SUBJECT ADDED ENTRY--TOPICAL TERM (OCLC, RLIN)
Topical term or geographic name as entry element PROPERTY-COMMERCIAL PROPERTY-COMMERCIAL PROPERTY MARKET
700 1# - ADDED ENTRY--PERSONAL NAME
Personal name Hodgekiss, Anna
700 1# - ADDED ENTRY--PERSONAL NAME
Personal name Goldie, Anna
942 ## - ADDED ENTRY ELEMENTS (KOHA)
Suppress in OPAC 0
Holdings
Withdrawn status Lost status Source of classification or shelving scheme Damaged status Not for loan Home library Current library Shelving location Date acquired Total Checkouts Full call number Barcode Date last seen Copy number Price effective from Koha item type
    Dewey Decimal Classification     London London Journal article 29/01/2007   L136367 136367-1001 06/08/2019 1 06/08/2019 Journal article